[Event "DEN-ch G7-2"]
[Site "Svendborg"]
[Date "2019.04.16"]
[Round "1"]
[White "Graabaek, Sebastian"]
[Black "Jacobsen, Knud"]
[Result "1-0"]
[WhiteElo "1702"]
[BlackElo "1721"]
[PlyCount "35"]
[EventDate "2019.04.16"]
[EventType "swiss"]
[EventRounds "7"]
[EventCountry "DEN"]
[SourceTitle "EXT 2020"]
[Source "ChessBase"]
[SourceDate "2019.10.17"]
[SourceVersion "1"]
[SourceVersionDate "2019.10.17"]
[SourceQuality "1"]

1. d4 d5 2. Bf4 Nf6 3. e3 c6 4. c3 Bf5 5. Nd2 e6 6. Ngf3 h6 7. Ne5 Be7 8. Be2 0-0 9. g4 Bh7 10. g5 hxg5 11. Bxg5 Ne4 12. Bf4 c5 13. Bd3 cxd4 14. exd4 Nd7 15. Rg1 Bh4 16. Nxe4 dxe4 17. Qg4 g5 18. Qxh4 1-0

[Event "DEN-ch Kort 2-2"]
[Site "Helsingor"]
[Date "2013.03.30"]
[Round "5"]
[White "Graabaek, Sebastian"]
[Black "Gade, Jens"]
[Result "1/2-1/2"]
[WhiteElo "1540"]
[BlackElo "1578"]
[PlyCount "71"]
[EventDate "2013.03.28"]
[EventType "swiss"]
[EventRounds "5"]
[EventCountry "DEN"]
[SourceTitle "EXT 2023"]
[Source "ChessBase"]
[SourceDate "2022.10.05"]
[SourceVersion "1"]
[SourceVersionDate "2022.10.05"]
[SourceQuality "1"]

1. d4 d5 2. c4 dxc4 3. Nc3 Nf6 4. e4 e6 5. Bxc4 Be7 6. Be3 0-0 7. Nge2 a6 8. a4 Bd7 9. 0-0 Nc6 10. Qb3 Na5 11. Qa2 Nxc4 12. Qxc4 Ne8 13. e5 c6 14. f4 Nc7 15. Rf3 Nd5 16. Nxd5 cxd5 17. Qd3 f5 18. exf6 Rxf6 19. Rh3 h6 20. Rg3 Qe8 21. Nc3 Bd6 22. Rf1 Bxa4 23. Rff3 Bb5 24. Qb1 Bd7 25. Rh3 Qg6 26. Qe1 Raf8 27. Rfg3 Qh7 28. Ne2 Bb5 29. Nc3 Bc4 30. Rg4 Bxf4 31. Bxf4 Rxf4 32. Qxe6+ Kh8 33. Rxf4 Rxf4 34. Qe8+ Qg8 35. Rxh6+ gxh6 36. Qe5+ 1/2-1/2